Lataa...

Analysing Power In Language: A Practical Guide

Bibliografiset tiedot
Päätekijä: Bartlett, Tom
Aineistotyyppi: Printed Book
Julkaistu: London Routledge 2014
Aiheet:
LEADER 00547nam a2200181 4500
020 |a 9780415666305 
082 |a 401.41 BAR 
100 |a Bartlett, Tom 
245 |a Analysing Power In Language: A Practical Guide  |h ENGLISH 
250
260 |a London  |b Routledge  |c 2014 
300 |a 212 P  |b PB  |f Book 
500
650 |a Discourse Analysis, Power, Sociolinguistics 
700
942 |c BK 
999 |c 269445  |d 269445 
952 |0 0  |1 0  |4 0  |6 401_410000000000000_BAR  |7 0  |9 286164  |a LIN  |b LIN  |d 2016-04-05  |l 0  |o 401.41 BAR  |p LIN10044  |r 2020-02-06  |w 2020-02-06  |y BK